| 000 | 00436nam a2200157 4500 | ||
|---|---|---|---|
| 001 | 138910 | ||
| 003 | ES-MaACL | ||
| 005 | 20230906195650.0 | ||
| 007 | t| | ||
| 008 | 070214s1968 sp r ||||1| cat d | ||
| 100 | 1 |
_aSaperas, Miquel. _9103713 |
|
| 245 | 1 | 0 |
_aCarlos de Viana _b: tragedia en cinc actes / _cMiguel Saperas. |
| 260 |
_aAndorra : _bAltés, _c1968. |
||
| 300 |
_a173 p. ; _c24 cm. |
||
| 852 |
_aES-MaACL _jC-46093 _bR.68292 |
||
| 999 |
_c138910 _d138910 |
||